Élites discriminadas (Sobre el poder de las mujeres)
Guardado en:
| Hovedforfatter: | |
|---|---|
| Format: | Bog |
| Sprog: | Undetermined |
| Udgivet: |
Bogotá, Colombia
Editorial Anthropos
1994
|
| Fag: | |
| Tags: |
Tilføj Tag
Ingen Tags, Vær først til at tagge denne postø!
|
MARC
| LEADER | 00000nam a2200000Ia 4500 | ||
|---|---|---|---|
| 008 | 170316s9999 xx 000 0 und d | ||
| 090 | |a 100 G-12.1e | ||
| 100 | |a García de León, María Antonia | ||
| 245 | |a Élites discriminadas (Sobre el poder de las mujeres) | ||
| 260 | |a Bogotá, Colombia | ||
| 260 | |b Editorial Anthropos | ||
| 260 | |c 1994 | ||
| 300 | |a 254 páginas | ||
| 650 | |a FILOSOFÍA | ||
| 650 | |a ELITES FEMENINAS | ||
| 650 | |a MUJERES - PODER | ||
| 650 | |a EL GÉNERO | ||
| 999 | |c 16253 |d 16253 | ||
| 040 | |a cru BVZT | ||
| 942 | |c 15 D |h 100 G-12.1e |2 z | ||
